| 000 | 00000nam##2200000za#4500 |
| 001 | 9.647869 |
| 003 | CaOODSP |
| 005 | 20210615112824 |
| 007 | ta |
| 008 | 150407|2000||||xxc||||| f|0| 0 eng|d |
| 020 | |a0-662-29330-4 |
| 040 | |aCaOODSP|beng |
| 043 | |an-cn--- |
| 086 | 1 |aF2-145/2000E |
| 110 | 1 |aCanada.|bDepartment of Finance.|bMinister of Finance. |
| 245 | 10|aLegislative proposals and explanatory notes on taxation of foreign bank branches / |cPublished by the Minister of Finance. |
| 260 | |aOttawa - Ontario : |bFinance Canada. |c2000. |
| 300 | |a76p. ; |c28 cm. |
| 563 | |aSoftcover |
| 590 | |a00-34|b2000-08-25 |
| 690 | 07|aIncome tax|2gcpds |
| 690 | 07|aBanks|2gcpds |
| 775 | 08|tPropositions législatives et notes explicatives concernant l'imposition des succursales de banques étrangères / |w(CaOODSP)9.681252 |
| 776 | 0#|tLegislative proposals and explanatory notes on taxation of foreign bank branches / |w(CaOODSP)9.696520 |